MARC

LEADER 00000nam0a2200000 4500
001 91451
005 20231031104051.0
010 |a 5874171843 
035 |a (RuTPU)RU\TPU\book\98039 
090 |a 91451 
100 |a 20060226d2004 m y0rusy50 ca 
101 0 |a rus 
102 |a RU 
105 |a ac z 000zy 
200 1 |a Бриллиантовые серьги  |f Ю. Л. Алянский 
210 |a СПб.  |c Лики России  |d 2004 
215 |a 303 с.  |c портр., ил. 
610 1 |a русская литература 
610 1 |a 19 век 
610 1 |a Россия 
610 1 |a история 
610 1 |a женщины 
610 1 |a театр 
610 1 |a актеры 
675 |a Р1  |v 3 
700 1 |a Алянский  |b Ю. Л.  |g Юрий Лазаревич 
801 1 |a RU  |b 63413507  |c 20060226  |g PSBO 
801 2 |a RU  |b 63413507  |c 20060627  |g PSBO 
942 |c BK 
959 |a 18/20060226  |d 1  |e 167,09  |f ХФ:1